| 000 -LEADER |
| fixed length control field |
00708nam a2200217Ia 4500 |
| 001 - CONTROL NUMBER |
| control field |
7088 |
| 003 - CONTROL NUMBER IDENTIFIER |
| control field |
GE_BSU |
| 008 - FIXED-LENGTH DATA ELEMENTS--GENERAL INFORMATION |
| fixed length control field |
181216s||||||||xx |||||||||||||| ||und|| |
| 040 ## - CATALOGING SOURCE |
| Transcribing agency |
GE_BSU |
| 080 ## - UNIVERSAL DECIMAL CLASSIFICATION NUMBER |
| Universal Decimal Classification number |
628.5(075.32) |
| 100 ## - MAIN ENTRY--PERSONAL NAME |
| Personal name |
Богуславский,Л.Д. Малина,В.С. |
| 245 ## - TITLE STATEMENT |
| Title |
Санитарно технические устроиства зданий. |
| 245 ## - TITLE STATEMENT |
| Remainder of title |
Учебник. |
| 245 ## - TITLE STATEMENT |
| Statement of responsibility, etc. |
Ред. Ж.А.Беспалько. |
| 260 ## - PUBLICATION, DISTRIBUTION, ETC. |
| Place of publication, distribution, etc. |
М. |
| 260 ## - PUBLICATION, DISTRIBUTION, ETC. |
| Name of publisher, distributor, etc. |
Высшая школа. |
| 260 ## - PUBLICATION, DISTRIBUTION, ETC. |
| Date of publication, distribution, etc. |
1962. |
| 300 ## - PHYSICAL DESCRIPTION |
| Extent |
294стр.с илл.22см.библиогр.:стр.293. |
| 653 ## - INDEX TERM--UNCONTROLLED |
| Uncontrolled term |
Санитарно технические устроиства зданий. |
| 942 ## - ADDED ENTRY ELEMENTS (KOHA) |
| Koha item type |
წიგნი |